[Event "Paris GCT 2018-Rapid"]
[Site "Paris"]
[Date "2018.06.20"]
[Round "3"]
[White "Aronian, Levon"]
[Black "Anand, Viswanathan"]
[Result "1/2-1/2"]
[WhiteElo "2795"]
[BlackElo "2822"]
[Annotator "TA"]
[PlyCount "62"]
[EventDate "2018.06.21"]
[EventType "tourn"]
[EventCountry "FRA"]
[SourceTitle "playchess.com"]
[Source "ChessBase"]
[SourceQuality "1"]

{[%evp 13,62,12,12,12,15,0,0,-2,10,0,0,0,0,0,0,-13,0,0,0,0,0,0,0,-10,-7,-16,-13,-23,41,41,31,22,30,20,20,18,23,10,10,10,10,10,18,8,10,0,10,0,0,0,12]} 1. e4 e5 2. Nf3 Nc6 3. Bc4 Bc5 4. d3 Nf6 5. Nc3 h6 6. h3 a6 7. O-O d6 {LiveBook: 4 Games} 8. Ne2 {C50: Hungarian Defence and Giuoco Pianissimo} Na5 9. Bb3 Nxb3 (9... O-O 10. Ng3 Re8 11. Re1 b5 12. c3 Nxb3 13. axb3 Bb6 14. Be3 Bxe3 15. Rxe3 {½-½ (32) Zvjaginsev,V (2643)-Rodshtein,M (2699) Antalya 2017}) 10. axb3 O-O 11. Ng3 Re8 $146 ({Predecessor:} 11... c6 12. Qe2 Be6 13. Be3 Qb6 14. Nh4 Rfe8 15. Nhf5 d5 16. exd5 Bxd5 {½-½ (30) Immisch-Gruenberg,H DDR 1989}) 12. Re1 d5 13. exd5 Qxd5 14. Bd2 e4 15. dxe4 Nxe4 16. Be3 Qxd1 17. Raxd1 {[#] Strongly threatening Bxc5.} Bd6 18. Nxe4 Rxe4 19. Nd2 Re8 20. Nc4 Bf5 (20... Bf8 $11) 21. Nxd6 $14 cxd6 22. Re2 Rac8 23. c3 Be6 24. b4 Bc4 25. Red2 Bb3 {The position is equal.} 26. Ra1 Rc6 27. Ra5 Bc4 28. Rf5 f6 29. Rf4 d5 30. h4 Rce6 31. Kh2 Re4 {Precision: White = 56%, Black = 69%.} 1/2-1/2

[Event "Paris GCT 2018-Rapid"]
[Site "Paris"]
[Date "2018.06.20"]
[Round "3"]
[White "Kramnik, Vladimir"]
[Black "Mamedyarov, Shakhriyar"]
[Result "1-0"]
[WhiteElo "2775"]
[BlackElo "2766"]
[Annotator "TA"]
[PlyCount "98"]
[EventDate "2018.06.21"]
[EventType "tourn"]
[EventCountry "FRA"]
[SourceTitle "playchess.com"]
[Source "ChessBase"]
[SourceQuality "1"]

{[%evp 27,98,19,14,15,22,20,15,0,0,0,0,-12,-5,-7,0,-7,0,-10,0,0,0,0,11,0,0,0,17,13,38,38,68,61,60,54,54,54,78,74,95,96,107,47,37,38,39,32,50,5,5,10,56,38,38,40,92,63,62,53,177,165,206,197,331,328,328,327,928,787,1063,1053,985,724,29982]} 1. Nf3 Nf6 2. g3 d5 3. Bg2 e6 4. O-O Be7 5. c4 O-O 6. b3 c5 7. cxd5 Nxd5 8. Bb2 Nc6 9. d4 cxd4 10. Nxd4 Nxd4 11. Qxd4 Bf6 {A14: Reti-Eröffnung} 12. Qd2 Nf4 (12... Bd7 13. Bxd5 exd5 14. Rd1 Rc8 15. Nc3 Bc6 16. Nxd5 Bxb2 17. Qxb2 Bxd5 18. e4 Bxe4 19. Rxd8 Rfxd8 {½-½ (40) Kramnik,V (2783)-Nakamura,H (2776) Zuerich 2015 CBM 165 [Ramirez Alvarez,Alejandro]}) 13. gxf4 Qxd2 14. Nxd2 Bxb2 {LiveBook: 4 Partien} 15. Rab1 Bf6 {[#]} 16. Rbc1 $146 ({Vorgänger:} 16. Rfc1 Rb8 17. Ne4 Be7 18. b4 f5 19. Nc5 {½-½ (33) Brunello,S (2557)-Moroni,L (2478) Rome 2016}) 16... Rd8 17. Ne4 Be7 18. Rc7 Kf8 19. Rfc1 Rb8 20. e3 h6 21. Bf3 a5 22. Kg2 g5 23. fxg5 hxg5 24. h3 f5 25. Nc5 $36 {[%cal Rf3b7][%mdl 2048] Weiss hat gut koordiniertes Spiel.} b6 26. Na4 Bd6 27. Rh7 Kg8 28. Ra7 Be5 29. Rc6 $1 Rd6 $1 30. Rxd6 Bxd6 31. Nc3 b5 32. Rxa5 b4 33. Nb5 Bc5 34. Nd4 (34. Na7 $1 $16 Bb6 35. Ra4) 34... Bxd4 $14 35. exd4 {[%mdl 4096] Endspiel Droht Ta7 und aus. KTL-KTL} Kf7 36. Ra7+ Kf6 37. Rc7 Ba6 38. d5 Bb7 39. d6 Bxf3+ 40. Kxf3 {KT-KT} Rd8 (40... Rb5 $14) 41. Rb7 (41. d7 {seems wilder.} e5 42. Rb7 Ke6 43. Rxb4 Rxd7 44. Rb6+) 41... Rxd6 42. Rxb4 e5 ({Günstiger ist} 42... Rd2 $14) 43. a4 $1 $18 {[%cal Ba2a4,Ba4a5,Ba5a6][%mdl 32]} e4+ 44. Ke2 Ke5 {[#]} (44... Ra6 {war nötig.} 45. f3 exf3+ 46. Kxf3 Rc6) 45. a5 $1 f4 {[#]} 46. Ra4 $1 f3+ $2 (46... Kd5 47. a6 Rd8 48. Ra5+ Kc6 49. Rxg5 Rh8 50. Rg6+ Kc7) 47. Ke1 {Weiß steht klar auf Gewinn.} Rc6 48. a6 Rc1+ 49. Kd2 Rf1 {Precision: Weiß = 67%, Schwarz = 40%.} 1-0

[Event "Paris GCT 2018-Rapid"]
[Site "Paris"]
[Date "2018.06.20"]
[Round "3"]
[White "So, Wesley"]
[Black "Vachier-Lagrave, Maxime"]
[Result "1-0"]
[WhiteElo "2763"]
[BlackElo "2777"]
[Annotator "TA"]
[PlyCount "69"]
[EventDate "2018.06.21"]
[EventType "tourn"]
[EventCountry "FRA"]
[SourceTitle "playchess.com"]
[Source "ChessBase"]
[SourceQuality "1"]

{[%evp 9,69,8,16,3,3,4,0,0,6,0,9,16,22,22,22,22,23,18,27,27,27,18,40,0,25,0,0,0,0,0,0,0,64,64,64,64,64,14,83,81,111,112,155,155,141,0,0,0,147,147,147,147,147,138,391,391,508,489,485,455,658,657]} 1. Nf3 c5 2. b3 b6 3. Bb2 Bb7 4. c4 Nf6 5. g3 g6 {LiveBook: 10 Games} (5... e6 6. Bg2 Be7 7. Nc3 O-O 8. d4 d5 9. cxd5 Nxd5 10. dxc5 Nxc3 11. Bxc3 Qxd1+ 12. Rxd1 Bxc5 {½-½ (31) So,W (2788)-Vachier Lagrave,M (2789) London 2017}) 6. Bxf6 {A30: Symmetrical English: Double Fianchetto and Hedgehog} exf6 7. Nc3 Bxf3 8. exf3 {The position is equal.} Nc6 9. Bg2 $146 ({Predecessor:} 9. Qe2+ Qe7 10. Qxe7+ Bxe7 11. Bg2 Nd4 {½-½ (36) Garcia Corada,P-Arranz Calvo,A Valladolid 1986}) 9... Bg7 10. Qe2+ Kf8 11. O-O f5 12. f4 Bf6 13. Rae1 Kg7 14. Qd3 Rc8 15. Re3 Nd4 16. Nb5 a6 17. Nxd4 Bxd4 18. Re2 Re8 19. Rfe1 Rxe2 20. Qxe2 d6 (20... Qc7 $11) 21. Qe7 $14 Bf6 22. Qb7 a5 23. Bd5 Rc7 (23... Qc7 $11) 24. Qxb6 $16 Re7 25. Rxe7 (25. Qxd8 $2 {perishes.} Rxe1+ 26. Kg2 Bxd8 $19) 25... Qxb6 26. Rxf7+ Kh8 {[#] And now ...Bb2 would win.} 27. Rf8+ Kg7 28. Rf7+ Kh8 $1 {Threatens to win with ...Bb2.} 29. Rxf6 {[%mdl 4096] Endgame KQ-KRB} Qb4 30. Rxd6 Qxd2 31. Rc6 Qd4 $2 {[%mdl 8192] [#]} (31... Qxa2 $16 32. Rxc5 Qxb3) 32. Kg2 $18 Kg7 33. Rc7+ {White is clearly winning.} Kh8 34. h4 h5 (34... h6 $142 35. a4 h5) 35. a4 {Precision: White = 63%, Black = 41%.} 1-0

[Event "Paris GCT 2018-Rapid"]
[Site "Paris"]
[Date "2018.06.20"]
[Round "3"]
[White "Caruana, Fabiano"]
[Black "Grischuk, Alexander"]
[Result "0-1"]
[WhiteElo "2753"]
[BlackElo "2783"]
[Annotator "TA"]
[PlyCount "72"]
[EventDate "2018.06.21"]
[EventType "tourn"]
[EventCountry "FRA"]
[SourceTitle "playchess.com"]
[Source "ChessBase"]
[SourceQuality "1"]

{[%evp 15,72,16,25,-9,-11,-17,-10,-12,-14,-12,-12,-7,40,43,28,38,66,11,8,0,0,0,0,0,0,0,0,0,0,0,3,0,0,0,0,0,0,0,0,-109,-102,-96,-104,-98,-104,-101,-98,-1478,-1470,-1843,-1426,-5385,-4736,-12839,-5118,-1577,-1691,-29985,-29986]} 1. d4 Nf6 2. Bf4 d5 3. e3 c5 4. Nf3 Nc6 5. Nbd2 (5. c3 e6 6. Nbd2 Bd6 7. dxc5 Bxc5 8. Bd3 h6 9. Qe2 Nh5 10. Bg3 Nxg3 11. hxg3 Bd7 12. e4 dxe4 13. Nxe4 Be7 14. g4 Qc7 15. g5 O-O-O 16. gxh6 gxh6 {½-½ (101) Mamedyarov,S (2809)-Nakamura,H (2787) Moscow 2018}) 5... cxd4 6. exd4 {D02: 1 d4 d5 2 Nf3 sidelines, including 2...Nf6 3 g3 and 2...Nf6 3 Bf4} Bf5 7. c3 e6 8. Qb3 Bd6 {LiveBook: 22 Games} 9. Bg3 Bxg3 $146 ({Predecessor:} 9... O-O 10. Be2 Rb8 11. a4 h6 12. O-O Bxg3 13. hxg3 {½-½ (56) Naiditsch,A (2705)-Riazantsev,A (2650) Riadh 2017}) 10. hxg3 Qd6 11. Qxb7 Rb8 12. Qa6 {Hoping for Bb5.} O-O 13. Nb3 Bc2 14. Rc1 Bxb3 15. axb3 Ne4 16. Qa4 (16. Bd3 $1 $14) 16... e5 $1 $11 17. Be2 exd4 18. cxd4 Rb6 19. O-O Rfb8 20. Rfe1 g6 21. Bd3 Nb4 22. Bf1 ({Don't play} 22. Bxe4 Ra6 $17) 22... Nc6 23. Re2 Kg7 24. Rec2 {[%cal Rc2c6]} Nd8 25. Rc7 Rxb3 26. Rd7 $1 {[%cal Rd7d6]} Qf6 27. Rxd5 {[#]} (27. Qa5 $11 {remains equal.} Rxb2 28. Qxd5 Nxf2 29. Ra1) 27... Rxf3 $1 $17 ({Much worse is} 27... Rxb2 $6 28. Rc2 $15) 28. gxf3 Qxf3 29. Qc2 {[#]} Nxf2 $1 ({Reject} 29... Nxg3 $6 30. Bg2 $11) 30. Bg2 Qe3 31. Kf1 $2 {[%mdl 8192]} (31. Re5 $17 Ne4+ 32. Kh2 Qxg3+ 33. Kg1 Qe3+ 34. Kh2 Qf4+ 35. Kg1) 31... Ng4 $19 {[%cal Rg4h2]} 32. Be4 Qxg3 33. Re1 Ne6 34. Qg2 Ne3+ (34... Nh2+ $142 35. Kg1 Qxe1+ 36. Kxh2 Nf4) 35. Rxe3 Qxe3 36. Qf3 Qc1+ {Precision: White = 47%, Black = 77%.} 0-1

[Event "Paris GCT 2018-Rapid"]
[Site "Paris"]
[Date "2018.06.20"]
[Round "3"]
[White "Karjakin, Sergey"]
[Black "Nakamura, Hikaru"]
[Result "1/2-1/2"]
[WhiteElo "2743"]
[BlackElo "2813"]
[Annotator "TA"]
[PlyCount "162"]
[EventDate "2018.06.21"]
[EventType "tourn"]
[EventCountry "FRA"]
[SourceTitle "playchess.com"]
[Source "ChessBase"]
[SourceQuality "1"]

{[%evp 12,162,20,18,29,27,20,30,30,22,33,30,30,28,27,21,30,11,23,7,11,4,20,0,0,0,2,0,9,6,0,0,0,0,0,0,0,0,8,0,0,0,10,0,24,0,18,0,11,9,12,0,0,0,11,0,14,11,51,0,7,0,29,0,43,8,89,4,129,47,48,33,41,31,27,0,27,0,0,0,24,0,0,0,0,0,147,141,203,200,172,197,168,0,0,0,0,0,0,0,0,0,0,-8,0,0,0,-8,-8,-12,0,0,0,-30,0,-8,-8,-59,-87,-108,-108,-94,0,0,0,0,0,0,0,-8,0,-28,-56,-101,0,0,0,0,8,8,8,8,8,8,8,8,8,0,8,8,8,8,8]} 1. e4 e5 2. Nf3 Nc6 3. Bb5 Nf6 4. O-O Nxe4 5. Re1 Nd6 6. Nxe5 Be7 7. Bf1 Nf5 {C67: Spanische Partie (Berliner Verteidigung)} (7... Nxe5 8. Rxe5 O-O 9. d4 Bf6 10. Re1 Nf5 11. d5 Re8 12. Rxe8+ Qxe8 13. Qd3 d6 14. Nd2 Bg5 15. Nf3 Bxc1 16. Rxc1 Bd7 17. Re1 Qd8 18. Qc4 {1-0 (31) Carlsen,M (2843)-Aronian,L (2764) Stavanger 2018}) 8. Nf3 O-O 9. d4 d5 {Weiß hat minimalen Vorteil.} 10. c3 Re8 (10... Bd6 11. b3 Re8 12. Rxe8+ Qxe8 13. Na3 a6 14. Nc2 Bd7 15. c4 dxc4 16. bxc4 {1-0 (56) Karjakin,S (2773)-Nakamura,H (2792) Saint Louis 2017}) 11. Nbd2 Bd6 12. Bd3 Bd7 13. Nf1 Rxe1 14. Qxe1 f6 $146 ({Vorgänger:} 14... Nh4 15. Nxh4 Qxh4 16. Be3 Qf6 {½-½ (16) Sanders,C (1846)-Blagojevic,T (2307) Porec 2015}) 15. Bd2 Qe8 16. Qc1 Qf7 17. Bf4 Nce7 18. Ng3 Bxf4 19. Qxf4 {[%cal Rg3f5]} Nd6 $1 20. Re1 Re8 21. h3 Ng6 22. Rxe8+ Qxe8 23. Qc1 Bb5 24. Bc2 a5 25. b3 b6 26. a4 Bc6 27. Bd3 Bb7 28. Nf1 Nf8 29. Ne3 Ne6 30. Qc2 g6 31. g3 c5 32. h4 Ng7 33. Qc1 Qe6 34. Bf1 Qe7 35. Ng2 Ne6 36. Ne3 Ng7 37. Bh3 Nge8 38. Ne1 c4 (38... cxd4 $11 39. cxd4 f5) 39. Qa3 (39. N1g2 $16) 39... cxb3 (39... Kf8 $1 $11) 40. Qxb3 ({Besser ist} 40. N1g2 $1 $16) 40... Nc4 $1 $14 {[%cal Rc4e3]} 41. N1g2 Ned6 42. Nxc4 Nxc4 43. Qb5 g5 44. Bg4 Kg7 45. Kh2 Qc7 46. Be2 Bc6 47. Qb3 Qd7 (47... Qe7 {keeps more tension.} 48. Qd1 gxh4 49. Nxh4 Bxa4 50. Qxa4 Qxe2 51. Qd7+ Kh6) 48. Qb1 Bxa4 (48... Qe6 $11 49. Qc2 Qe8) 49. hxg5 $1 $16 fxg5 (49... Qf7 $16) 50. Bxc4 $1 $18 dxc4 51. Qxb6 Qf5 {[#]} 52. Qc7+ $2 ({Der einzige Zug:} 52. Kg1 $1 $18) 52... Bd7 $11 53. Qxc4 Qxf2 54. Qc5 Qf5 55. d5 a4 56. c4 h5 57. Qd4+ Qf6 58. Qa7 Qf5 59. Qe3 Kf7 60. Kg1 Qb1+ 61. Kh2 $1 Qf5 62. Qa7 Kg6 (62... h4 $5 63. gxh4 gxh4 64. Nxh4 Qe5+ 65. Kh1 Qe1+ 66. Kg2 Qe7 67. Qf2+ Qf6 $11) 63. Qb6+ Qf6 64. Qa7 (64. Qb1+ $11 Kh6 65. Qb4) 64... Qd6 $15 65. Kh1 a3 66. Ne3 a2 (66... Qe7 $17 {Und weiter mit ...a2! wäre nett.} 67. Ng2 h4 68. gxh4 gxh4) 67. Qxa2 $11 Qxg3 68. Qc2+ Kf6 69. Qe4 Qe5 70. Qf3+ Kg6 71. c5 {[%cal Bc4c5,Bc5c6][%mdl 32]} g4 72. Qf2 {[#]} Qe4+ (72... g3 $1 $17 {[%cal Rg3f2]} 73. Qc2+ Kf6) 73. Kg1 {Die Stellung ist ausgeglichen.} h4 74. c6 g3 75. Qc2 $1 {[%cal Rc2e4]} Qxc2 76. Nxc2 {[%mdl 4096] Endspiel KL-KS} Bf5 77. Ne3 Bh3 $132 {[%mdl 2048] Schwarz is fighting back} 78. Ng2 Kf6 79. d6 Ke6 80. d7 Ke7 81. Nxh4 Bxd7 {Precision: Weiß = 52%, Schwarz = 47%.} 1/2-1/2

[Event "Paris GCT 2018-Rapid"]
[Site "Paris"]
[Date "2018.06.21"]
[Round "4"]
[White "Anand, Viswanathan"]
[Black "Karjakin, Sergey"]
[Result "1/2-1/2"]
[WhiteElo "2822"]
[BlackElo "2743"]
[Annotator "TA"]
[PlyCount "75"]
[EventDate "2018.06.21"]
[EventType "tourn"]
[EventCountry "FRA"]
[SourceTitle "playchess.com"]
[Source "ChessBase"]
[SourceQuality "1"]

{[%evp 18,75,15,11,21,14,8,10,7,6,30,22,16,13,25,10,35,38,27,24,23,37,37,28,22,0,0,0,0,0,0,0,55,55,62,56,54,60,45,0,72,58,72,63,72,72,84,79,109,120,102,85,77,82,85,41,38,25,18,0]} 1. e4 e5 2. Nf3 Nc6 3. Bb5 Nf6 4. d3 Bc5 5. c3 O-O 6. O-O {C65: Spanische Partie (Berliner-Verteidigung)} d5 7. Nbd2 dxe4 8. dxe4 a5 9. Bxc6 bxc6 10. Nxe5 {LiveBook: 5 Partien} Re8 11. Nb3 $146 {[#] Dxd8 ist eine echte Drohung.} ({Vorgänger:} 11. Nxc6 Qd7 12. Nd4 Bxd4 13. cxd4 Qxd4 14. Nf3 Qxe4 15. Re1 Qc6 16. Rxe8+ Nxe8 17. Be3 Bb7 18. Rc1 Qb5 19. Rc2 Ra6 20. Rd2 {½-½ (20) Karjakin,S (2763)-Anand,V (2776) Moscow 2018}) 11... Qxd1 12. Rxd1 Bb6 13. Nc4 Nxe4 14. Nxb6 cxb6 15. f3 Nf6 16. Bg5 Nd5 17. c4 Nb4 18. Nd4 Bd7 19. a3 Na6 20. Kf2 c5 21. Nb5 Bxb5 $1 22. cxb5 Nc7 23. Rd6 $36 {[%mdl 2048] Weiss kämpft um Vorteil.} h6 24. Be3 Re6 ({Günstiger ist} 24... a4 $11) 25. Rad1 $14 Nxb5 26. Rxe6 fxe6 {[%mdl 4096] Endspiel KTL-KTS} 27. Rd7 $1 Rc8 28. Bf4 {[%mdl 1024] Weiss hat Kompensation.} (28. a4 $5 {[%cal Ra4b5]} Nc7 29. Bf4 $14) 28... c4 (28... Rf8 $1 $11 29. Ke3 Rf7 30. Rd8+ Rf8) 29. Be5 $16 g5 {[#]} 30. Rg7+ $1 Kf8 {zielt auf ...c3 ab.} 31. Rb7 Rc5 32. Bg7+ Ke8 33. Rxb6 Kf7 34. Bxh6 c3 35. bxc3 {Und Tb7+ würde nun gewinnen.} Nxa3 36. Rb7+ Kg6 37. Bf8 Rxc3 38. Bxa3 {Precision: Weiß = 72%, Schwarz = 70%.} 1/2-1/2

[Event "Paris GCT 2018-Rapid"]
[Site "Paris"]
[Date "2018.06.21"]
[Round "4"]
[White "Nakamura, Hikaru"]
[Black "Caruana, Fabiano"]
[Result "1-0"]
[WhiteElo "2813"]
[BlackElo "2753"]
[Annotator "TA"]
[PlyCount "245"]
[EventDate "2018.06.21"]
[EventType "tourn"]
[EventCountry "FRA"]
[SourceTitle "playchess.com"]
[Source "ChessBase"]
[SourceQuality "1"]

{[%evp 19,245,7,10,0,9,8,4,3,15,0,14,7,20,0,0,-6,0,4,22,2,26,23,22,4,14,6,58,18,13,5,32,0,0,0,0,0,0,0,0,0,0,0,0,-23,0,0,0,0,0,0,0,0,2,2,6,0,8,2,2,2,10,0,26,25,24,7,7,7,7,6,6,3,12,5,8,0,0,0,7,0,7,7,7,7,7,7,43,43,43,0,8,0,43,8,43,8,43,0,0,0,8,8,8,8,8,8,8,0,8,-1,-1,-1,0,0,0,0,0,0,0,0,0,0,0,0,0,0,0,0,0,0,0,0,0,0,0,0,0,0,0,0,0,0,0,0,45,46,46,41,46,41,57,46,46,43,44,44,69,69,69,69,81,21,55,55,102,102,103,102,102,102,211,211,207,204,204,106,204,204,263,262,263,262,261,249,259,244,299,295,420,419,412,411,389,364,1112,1097,1071,946,1159,1686,3907,3907,954,827,4149,4149,4116,4116,11733,4149,4149,4149,4149,4149,4149,4149,4149,4149,29959,29962,29970,29971,29969,29971,29955,4156,29987,29988]} 1. Nf3 d5 2. b3 Nf6 3. Bb2 Bf5 4. g3 e6 5. Bg2 Nbd7 6. c4 c6 7. O-O h6 8. d4 Be7 9. Nfd2 O-O 10. Nc3 a5 {LiveBook: 16 Games. D11: Slav Defence: 3 Nf3 sidelines and 3...Nf6 4 e3 Bg4} (10... Re8 11. e4 dxe4 12. Ndxe4 Nxe4 13. Nxe4 Bxe4 14. Bxe4 Bf6 15. Qc2 Nb6 16. Rad1 Qc7 17. h4 Rad8 18. Qe2 Nd7 19. Bc1 Nf8 20. Be3 Rd7 21. Qg4 {1-0 (33) Sulskis,S (2541)-Zhigalko,A (2584) Belgium 2014}) 11. e3 $146 ({Predecessor:} 11. Re1 Qb6 12. c5 Qc7 13. Rc1 Rfd8 14. Na4 Ne4 15. f3 Nxd2 16. Qxd2 Bg6 17. Qf4 e5 18. dxe5 {½-½ (40) Rajlich,I (2389)-Kiolbasa,O (2348) Poznan 2016}) 11... Qb6 12. Qe2 Rfe8 {The position is equal.} 13. Rfc1 Rad8 14. a3 Bf8 15. Qf1 Bg6 16. h3 Qa7 17. b4 axb4 18. axb4 {[%cal Ba3b4,Bb4b5][%mdl 32]} Qb8 19. b5 e5 20. c5 h5 21. Na4 exd4 22. Bxd4 Bf5 (22... Ne4 $11 23. Nxe4 dxe4) 23. bxc6 bxc6 24. Nb6 Ne5 25. Bxe5 Qxe5 26. Nf3 Qc7 $1 27. Nd4 Be4 28. Ra6 Qb7 29. Na4 {[%cal Bb6a4,Ba4b2,Bb2d3,Bd3b4][%mdl 32]} Ra8 30. Rb6 $1 {[%cal Rb6b7]} Qd7 31. Nb2 Rec8 32. Nd3 Qe8 33. Nb4 {[%cal Rb6c6]} Ra5 34. Rxc6 Rxc6 35. Nbxc6 Rxc5 36. Rxc5 Bxc5 37. Qc1 Bd6 38. Nb5 Bf8 39. Ncd4 Qa8 40. Nc3 Bb4 41. Nxe4 dxe4 42. Qb1 Bc3 43. Nb3 Qd5 44. Qc2 Qe5 45. Nc1 Bb4 46. Ne2 g6 47. Nd4 Kg7 48. Qc4 Bd6 (48... Qc5 {seems wilder.} 49. Qxc5 Bxc5 50. h4 Bb4 51. Kf1 Kh6) 49. h4 Qc5 (49... Ng4 {is more complex.} 50. Qc3 Kh6 51. Qd2 Bc5 52. Qc3 Qf6) 50. Qxc5 Bxc5 $11 {[%mdl 4096] Endgame KBN-KBN} 51. Ne2 Bb4 52. Nf4 Kg8 53. Nh3 Bf8 54. Nf4 Bd6 55. Nh3 Bf8 56. Kf1 Bg7 57. Ke2 Kf8 58. Kd2 Ke7 59. Kc2 Bh6 60. Kc3 Ke6 $1 61. Kd4 Kf5 62. Nf4 Bg7 {aiming for ...Ng4+.} 63. Nh3 Bh6 64. Kc4 Ke5 65. Kc3 Ng4 66. Kd2 f5 67. Bf1 Kf6 68. Bb5 Bf8 69. Ke2 Bd6 70. Kf1 Be5 71. Kg2 Bd6 72. Ng1 Be5 73. Ne2 Ke7 74. Nc1 Nf6 75. Nb3 Ng4 76. Be2 Nf6 77. Na5 Bd6 78. Nc6+ Kf7 79. Bc4+ Kg7 80. Nd4 Ng4 81. Be2 Ne5 {[#]} 82. Bxh5 $1 {[%mdl 512]} Kf6 (82... gxh5 83. Nxf5+) 83. Be2 Bc5 84. Nb5 Bb6 85. Nc3 {Nd5+ is the strong threat.} Bc5 86. g4 Ke6 87. g5 Be7 88. Bd1 Kf7 89. Nd5 Bd6 90. h5 (90. Nf4 $16) 90... gxh5 91. Bxh5+ Kg7 92. Nf4 Nd3 93. Ne6+ Kh7 94. Be8 Ne5 (94... Be5 $16 95. f4 Bb2) 95. Nd4 $18 Be7 96. Nxf5 Bxg5 97. Ng3 (97. Kg3 $18) 97... Ng4 {[#]} (97... Nc4 $16) 98. Nf1 $1 ({Stronger than} 98. Nxe4 Bxe3 99. fxe3 Nxe3+ 100. Kf3 Nd5 $11) 98... Kg7 99. Bc6 Nf6 100. Ng3 Ng4 101. Bxe4 Kf6 102. Kf3 Ne5+ 103. Ke2 Nf7 (103... Bh6 {was necessary.} 104. f4 Nd7) 104. f4 Bh6 105. Kf3 Nd6 106. Bd3 Nb7 $2 (106... Ke6 107. Bc2 Bg7) 107. e4 {[%cal Be3e4,Be4e5][%mdl 32]} Nc5 108. e5+ Kf7 109. Bc4+ Kg6 110. Kg4 Nd7 111. Bb5 Nc5 112. f5+ Kf7 113. Bc4+ Kg7 114. Nh5+ (114. e6 $142 Kf8 115. f6 Nxe6 116. Bxe6) 114... Kf8 115. Nf4 Nd7 116. Ng6+ Kg7 117. Bb5 Nf8 118. Ne7 Bc1 119. f6+ Kf7 120. Kf5 Bb2 121. Bc4+ Ke8 122. Nd5 (122. e6 $142 Nd7 123. exd7+ Kxd7 124. Be6+ Kc7 125. f7 Bg7 126. Ng6 Bh6 127. f8=Q Bxf8 128. Nxf8) 122... Nd7 123. Bb5 {Precision: White = 65%, Black = 37%.} 1-0

[Event "Paris GCT 2018-Rapid"]
[Site "Paris"]
[Date "2018.06.21"]
[Round "4"]
[White "Grischuk, Alexander"]
[Black "Vachier-Lagrave, Maxime"]
[Result "1-0"]
[WhiteElo "2783"]
[BlackElo "2777"]
[Annotator "TA"]
[PlyCount "71"]
[EventDate "2018.06.21"]
[EventType "tourn"]
[EventCountry "FRA"]
[SourceTitle "playchess.com"]
[Source "ChessBase"]
[SourceQuality "1"]

{[%evp 19,71,21,16,22,17,14,15,16,87,68,63,67,69,76,79,56,64,63,86,90,64,51,44,39,81,71,74,76,62,89,72,62,55,61,111,64,72,54,416,415,418,397,519,508,525,567,572,567,567,563,527,556,595,606]} 1. d4 Nf6 2. c4 g6 3. Nf3 Bg7 4. e3 O-O 5. Be2 c5 6. d5 {E60: King's Indian: Unusual lines and Fianchetto Variation without Nc3} e6 7. Nc3 exd5 8. cxd5 d6 9. Nd2 Re8 10. O-O Na6 {LiveBook: 25 Games} 11. e4 Rb8 12. a4 $146 ({Predecessor:} 12. Re1 Bd7 13. h3 {0-1 (44) Nakamura,H (2785)-Vachier Lagrave,M (2796) Paris 2017}) 12... Nb4 13. f3 Nd7 {[#]} (13... Nh5 $1 $11 14. Nc4 Bd4+ 15. Be3 Bxe3+ 16. Nxe3 a6) 14. Nb5 $1 $16 Ne5 15. Nxa7 Bd7 16. Nb5 Qe7 17. Ra3 f5 18. exf5 gxf5 19. Kh1 Nxd5 20. Ne4 fxe4 21. Qxd5+ Be6 22. Qxe4 d5 23. Qc2 Rbd8 24. f4 $36 {[%mdl 2048] White is really pushing.} Nc6 25. Rg3 {aiming for f5.} Nb4 26. Qd1 {Bh5 is the strong threat.} Kh8 27. Bh5 Rf8 28. Re1 {Hoping for Rge3.} d4 $2 {[%mdl 8192] [#]} ({Better is} 28... Qd7 $1 $14) 29. Rxg7 $1 $18 {[%mdl 512]} Qxg7 30. Rxe6 Nd5 31. g3 {White is clearly winning.} Nf6 32. Bf3 Rfe8 33. Rxe8+ Rxe8 34. Nd6 Re6 35. Nc4 Ne4 {Strongly threatening ...Nf2+.} 36. Kg2 {Precision: White = 86%, Black = 48%.} 1-0

[Event "Paris GCT 2018-Rapid"]
[Site "Paris"]
[Date "2018.06.21"]
[Round "4"]
[White "Kramnik, Vladimir"]
[Black "So, Wesley"]
[Result "0-1"]
[WhiteElo "2775"]
[BlackElo "2763"]
[Annotator "TA"]
[PlyCount "59"]
[EventDate "2018.06.21"]
[EventType "tourn"]
[EventCountry "FRA"]
[SourceTitle "playchess.com"]
[Source "ChessBase"]
[SourceQuality "1"]

{[%evp 9,59,11,6,-13,3,-4,31,26,36,33,25,0,0,0,0,0,0,0,-6,-14,-5,-18,0,0,0,0,0,-11,-18,-9,-4,-4,-4,-4,-10,-93,-93,-243,-235,-288,-207,-208,-202,-200,-199,-199,-202,-204,-177,-172,-179,-29992]} 1. c4 g6 2. Nc3 c5 3. g3 Bg7 4. Bg2 Nc6 5. e3 e6 {LiveBook: 532 Games} 6. b3 {A36: Symmetrical English vs ...g6: 4 Bg2 Bg7} (6. d4 cxd4 7. exd4 Nge7 8. d5 Ne5 9. dxe6 dxe6 10. Qxd8+ Kxd8 11. Nf3 Nd3+ 12. Ke2 Nxc1+ 13. Raxc1 {0-1 (92) Ivanchuk,V (2726)-Yu,Y (2751) Huaian 2017}) 6... Nge7 7. Ba3 $146 ({Predecessor:} 7. Nge2 d5 8. cxd5 exd5 9. d4 cxd4 10. exd4 Bg4 11. Be3 Qd7 12. h3 Bf5 13. Nf4 Be6 {1-0 (41) Sahidi,S (1864)-Palka,M (1929) Senica 2014}) 7... b6 8. Nge2 {White is slightly better.} d5 9. cxd5 exd5 10. d4 cxd4 11. Nxd4 Nxd4 12. exd4 Ba6 13. Bf1 Bxf1 14. Kxf1 {[#] Strongly threatening Qe2.} O-O $1 15. Rc1 Rc8 16. Kg2 Re8 17. Re1 Nf5 {[%cal Be7f5,Bf5d4,Bd4c2][%mdl 32]} 18. Qf3 Rxe1 19. Rxe1 Nxd4 20. Qxd5 Nc2 21. Rd1 Qe8 22. Nb5 {[#]} (22. Ne4 $1 $11 {keeps the balance.}) 22... Qe2 $1 $36 {[%mdl 2048] And now ...Ne3+ would win. Black is in control.} ({Much weaker is} 22... Nxa3 $6 23. Nxa3 Bf6 24. Qf3 $11) 23. Bc1 (23. Kg1 $17) 23... Bf8 $19 24. Nxa7 Rc5 25. Qf3 {Black is clearly better.} Ne1+ 26. Rxe1 Qxe1 27. Be3 Rf5 28. Qa8 {White wants to play Nc6.} Qa5 29. a4 Re5 30. Nc6 $2 {Precision: White = 36%, Black = 76%.} (30. h4 $19) 0-1